000
00203nam a2200097Ia 4500
008
220204s9999 xx 000 0 und d
082
_a
82-3
_b
HEM
100
_a
Ernest
245
0
_a
Men at war
942
_c
BK
999
_c
29271
_d
29271